| 000 | 01216nam0a22002891 4500 | ||
|---|---|---|---|
| 001 | rc\3387182 | ||
| 005 | 20130115154147.9 | ||
| 021 |
_aRU _b73-ОЭ-3338/5 |
||
| 021 |
_aRU _bРг11051-73 |
||
| 035 | _a(NLR Aleph) 007455747 | ||
| 090 |
_a7263787 _c7263787 |
||
| 100 | _a20130115d1972 |||y0rusy50 ca | ||
| 101 | 0 | _arus | |
| 102 | _aRU | ||
| 105 | _aa z ||||| | ||
| 200 | 1 |
_aЗадачи по начертательной геометрии _eУчеб. пособие _e(Для студентов вечернего фак.) _fПод ред. доц. Н.С. Шибалов _gМоск. ин-т стали и сплавов. Кафедра начертат. геометрии и черчения |
|
| 210 |
_aМосква _cБ. и. _d1972 |
||
| 215 |
_a37 с. _cчерт. _d29 |
||
| 300 | _aПеред загл. авт.: М.А. Алфионова, В.В. Антюков, Н.С. Шибалов | ||
| 700 | 1 |
_aАлфионова _bМ. А. _gМарианна Анатольевна |
|
| 701 | 1 |
_aАнтюков _bВ. В. _gВладимир Владимирович |
|
| 701 | 1 |
_aШибалов _bН. С. |
|
| 801 | 0 |
_aRU _bNLR _gpsbo |
|
| 801 | 1 |
_aRU _bELAR _2rusmarc |
|
| 852 |
_aNLR _j73-8/1057 |
||
| 942 | _cBOOK | ||
| 980 | _aNB | ||